书目信息 |
| 题名: |
科学教育改革的蓝本
|
|
| 作者: | ;美国科学促进协会 著 ;中国科学技术协会 译 | |
| 分册: | ||
| 出版信息: | 北京 科学普及出版社 2001 |
|
| 页数: | 22,337页 | |
| 开本: | 20cm | |
| 丛书名: | 21世纪科学教育书系 | |
| 单 册: | ||
| 中图分类: | G571.21 , G4 | |
| 科图分类: | ||
| 主题词: | 科学教育学--教育改革--美国 , 科学教育学 , 教育改革 , 教育 | |
| 电子资源: | ||
| ISBN: | 7-110-05086-6 | |
| 000 | 01186oam2 2200325 450 | |
| 001 | 1558112913 | |
| 005 | 20151110120439.16 | |
| 010 | @a7-110-05086-6@dCNY29.00 | |
| 100 | @a20011105d2001 kemy0chiy0110 ea | |
| 101 | 1 | @achi@ceng |
| 102 | @aCN@b110000 | |
| 105 | @aa z 001yy | |
| 200 | 1 | @a科学教育改革的蓝本@9ke xue jiao yu gai ge de lan ben@f美国科学促进协会著@g中国科学技术协会译 |
| 210 | @a北京@c科学普及出版社@d2001 | |
| 215 | @a22,337页@c图@d20cm | |
| 225 | 2 | @a21世纪科学教育书系@i“2061计划”丛书 |
| 330 | @a本书提出了在数学、科学和技术三方面达到大学水平的要求,阐述了教育的12个方面需要做出的变革,并提供了每一方面的概况及未来改革的诸多建议。 | |
| 461 | 0 | @12001 @a21世纪科学教育书系 |
| 462 | 0 | @12001 @a“2061计划”丛书 |
| 510 | 1 | @aBlueprints for Reform Science, Mathematics and Technology Education@zeng |
| 606 | 0 | @a科学教育学@x教育改革@y美国 |
| 606 | 0 | @a科学教育学 |
| 606 | 0 | @a教育改革 |
| 606 | 0 | @a教育 |
| 690 | @aG571.21@v5 | |
| 690 | @aG4@v4 | |
| 711 | 02 | @a美国科学促进协会@9mei guo ke xue cu jin xie hui@4著 |
| 712 | 02 | @a中国科学技术协会@9zhong guo ke xue ji shu xie hui@4译 |
| 801 | 0 | @aCN@bTSSF@c20150204 |
| 905 | @aZUCC@dG4@eJY685 | |
| 科学教育改革的蓝本/美国科学促进协会著/中国科学技术协会译.-北京:科学普及出版社,2001 |
| 22,337页:图;20cm.-(21世纪科学教育书系.“2061计划”丛书) |
| ISBN 7-110-05086-6:CNY29.00 |
| 本书提出了在数学、科学和技术三方面达到大学水平的要求,阐述了教育的12个方面需要做出的变革,并提供了每一方面的概况及未来改革的诸多建议。 |
| ● |
| 相关链接 |
|
|
|
|
正题名:科学教育改革的蓝本
索取号:G4/JY685
 
预约/预借
| 序号 | 登录号 | 条形码 | 馆藏地/架位号 | 状态 | 备注 |
| 1 | 7865711 | 278657115 | 学院路分馆/ [索取号:G4/JY685] | 在馆 |